Identifying presidents - Statistics

General Stats
  • This quiz has been taken 36 times
    3 since last reset
  • The average score is 5 of 11
Answer Stats
Hint Answer % Correct
Only president who served 2 terms not in a row Stephen Cleveland
100%
Tallest president Abraham Lincoln
67%
Last two-term president Donald Trump
67%
First two-term president George Washington
67%
Last one-term president Joe Biden
67%
First one-term president John Adams
67%
First federalist John Adams
33%
Shortest president James Madison
0%
Last Democratic-Republican John Adams
0%
Last federalist John Adams
0%
First Democratic-Republican Thomas Jefferson
0%
No matching quizzes found
Score Distribution
Percent of People with Each Score
Percentile by Number Answered
Your Score History
You have not taken this quiz since the last reset